00295nam a2200085Ia 4500008004100000100002300041245008200064260004600146300001700192180205s9999 xx 000 0 und d aVillar, Imelda V.G aImplementing a comprehensive guidance and counseling program in Philippines / aMakati CitybAligned transformationc2007 ai, 235 pages